[Event "Heusenstamm Sparkassen op-A 9th"]
[Site "Heusenstamm"]
[Date "2023.11.25"]
[Round "5"]
[White "Bender, Tim"]
[Black "Waffenschmidt, Joachim"]
[Result "1/2-1/2"]
[WhiteElo "1669"]
[BlackElo "2001"]
[PlyCount "103"]
[EventDate "2023.11.23"]
[EventType "swiss"]
[EventRounds "7"]
[EventCountry "GER"]
[SourceTitle "CBM 217 Extra"]
[Source "ChessBase"]
[SourceDate "2024.01.31"]
[SourceVersion "1"]
[SourceVersionDate "2024.01.31"]
[SourceQuality "1"]

1. d4 d5 2. c4 c6 3. Nc3 Nf6 4. Nf3 e6 5. Bg5 Nbd7 6. e3 Qa5 7. Nd2 Bb4 8. Qc2 0-0 9. a3 Be7 10. Bh4 Re8 11. Bg3 Bf8 12. cxd5 exd5 13. Bd3 g6 14. h3 Bg7 15. 0-0 Qd8 16. b4 a6 17. a4 Nh5 18. Bh2 Nf8 19. Nf3 Ne6 20. Qb3 Ng5 21. Nxg5 Qxg5 22. Kh1 f5 23. Be2 Rf8 24. b5 axb5 25. axb5 Rxa1 26. Rxa1 f4 27. Bxh5 fxe3 28. Be2 Rxf2 29. Bf1 Bxd4 30. Bg1 Bxh3 31. Bxf2 exf2 32. Ne4 Bxg2+ 33. Bxg2 Qh4+ 34. Qh3 Qxh3+ 35. Bxh3 Bxa1 36. Nxf2 cxb5 37. Be6+ Kg7 38. Bxd5 b6 39. Ne4 Bf6 40. Nd6 Be7 41. Nxb5 Kf6 42. Kg2 Ke5 43. Bg8 h6 44. Kf3 h5 45. Bf7 Kf6 46. Be8 Bc5 47. Nc3 Kf5 48. Ne4 h4 49. Bd7+ Ke5 50. Be8 Kf5 51. Bd7+ Ke5 52. Be8 1/2-1/2

[Event "Rhein Main op-A 25th"]
[Site "Bad Homburg"]
[Date "2023.06.10"]
[Round "6"]
[White "Wachsmann, Elmar"]
[Black "Waffenschmidt, Joachim"]
[Result "1-0"]
[WhiteElo "1842"]
[BlackElo "2024"]
[PlyCount "41"]
[EventDate "2023.06.07"]
[EventType "swiss"]
[EventRounds "7"]
[EventCountry "GER"]
[SourceTitle "CBM 215 Extra"]
[Source "ChessBase"]
[SourceDate "2023.09.30"]
[SourceVersion "1"]
[SourceVersionDate "2023.09.30"]
[SourceQuality "1"]

1. d4 d5 2. c4 c6 3. cxd5 cxd5 4. Nc3 Nf6 5. Bf4 Nc6 6. e3 a6 7. Be2 Bf5 8. Nf3 e6 9. Qb3 Na5 10. Qa4+ Nc6 11. Qb3 Ra7 12. 0-0 Be7 13. Rfc1 0-0 14. Na4 Nd7 15. a3 Na5 16. Qd1 b5 17. Nc5 Qb6 18. b4 Nc4 19. a4 Rfa8 20. axb5 axb5 21. Nxd7 1-0

[Event "Oberliga Ost-B 2223"]
[Site "Germany"]
[Date "2023.02.26"]
[Round "9.6"]
[White "Weiss, Matthias"]
[Black "Waffenschmidt, Joachim"]
[Result "1/2-1/2"]
[WhiteElo "1980"]
[BlackElo "1983"]
[PlyCount "54"]
[EventDate "2022.09.18"]
[EventType "team-tourn"]
[EventRounds "11"]
[EventCountry "GER"]
[SourceTitle "EXT 2025"]
[Source "ChessBase"]
[SourceDate "2024.10.14"]
[SourceVersion "1"]
[SourceVersionDate "2024.10.14"]
[SourceQuality "1"]
[WhiteTeam "Schoeneck"]
[BlackTeam "Hofheim II"]
[WhiteTeamCountry "GER"]
[BlackTeamCountry "GER"]

1. e4 c5 2. Nf3 d6 3. c3 Nf6 4. Be2 g6 5. 0-0 Bg7 6. Bb5+ Nc6 7. Re1 0-0 8. d4 Qb6 9. Na3 Bg4 10. Bxc6 Qxc6 11. d5 Qc8 12. h3 Bd7 13. e5 dxe5 14. Nxe5 Re8 15. Bf4 Bf5 16. Qf3 Nd7 17. g4 Nxe5 18. Bxe5 Bd7 19. Bxg7 Kxg7 20. Nc4 f5 21. Ne5 Rf8 22. Nxd7 Qxd7 23. g5 b5 24. Qe3 Qxd5 25. Qxe7+ Rf7 26. Qe5+ Qxe5 27. Rxe5 Rc8 1/2-1/2

[Event "Oberliga Ost-B 2223"]
[Site "Germany"]
[Date "2022.10.22"]
[Round "2.6"]
[White "Boricsev, Oleg"]
[Black "Waffenschmidt, Joachim"]
[Result "1-0"]
[WhiteElo "2218"]
[BlackElo "2031"]
[PlyCount "89"]
[EventDate "2022.09.18"]
[EventType "team-tourn"]
[EventRounds "11"]
[EventCountry "GER"]
[SourceTitle "EXT 2025"]
[Source "ChessBase"]
[SourceDate "2024.10.14"]
[SourceVersion "1"]
[SourceVersionDate "2024.10.14"]
[SourceQuality "1"]
[WhiteTeam "Bad Emstal/Wolfhagen"]
[BlackTeam "Hofheim II"]
[WhiteTeamCountry "GER"]
[BlackTeamCountry "GER"]

1. e4 c5 2. c3 d5 3. exd5 Nf6 4. d4 Nxd5 5. Nf3 e6 6. Bd3 cxd4 7. Nxd4 Be7 8. Na3 0-0 9. Nac2 Nd7 10. Ne3 N7f6 11. 0-0 Qc7 12. Nxd5 Nxd5 13. Qf3 Bd7 14. Nf5 exf5 15. Qxd5 Bd6 16. h3 Rfe8 17. Qf3 g6 18. Bg5 Bc6 19. Qd1 Bh2+ 20. Kh1 Bf4 21. Bxf4 Qxf4 22. Qb3 a6 23. Bc4 Re7 24. Bd5 Bxd5 25. Qxd5 Rae8 26. Rad1 Qe4 27. Qxe4 Rxe4 28. Rd2 Re2 29. Rfd1 Kf8 30. g3 Rxd2 31. Rxd2 Re1+ 32. Kg2 Ke7 33. Kf3 Ra1 34. b3 Ke6 35. h4 h6 36. c4 g5 37. c5 Ke5 38. Rd7 Rxa2 39. Rxb7 Rc2 40. b4 Rc3+ 41. Ke2 a5 42. bxa5 Rxc5 43. a6 Ra5 44. a7 gxh4 45. Rb5+ 1-0

[Event "Heusenstamm Sparkassen op-A 7th"]
[Site "Heusenstamm"]
[Date "2021.11.20"]
[Round "4.51"]
[White "Waffenschmidt, Joachim"]
[Black "Armbrust, Matthias"]
[Result "0-1"]
[WhiteElo "2026"]
[BlackElo "1833"]
[PlyCount "104"]
[EventDate "2021.11.18"]
[EventType "swiss"]
[EventRounds "7"]
[EventCountry "GER"]
[SourceTitle "EXT 2023"]
[Source "ChessBase"]
[SourceDate "2022.10.05"]
[SourceVersion "1"]
[SourceVersionDate "2022.10.05"]
[SourceQuality "1"]

1. d4 g6 2. c4 Bg7 3. Nc3 d6 4. Nf3 Nc6 5. d5 Ne5 6. Nxe5 Bxe5 7. e4 Bg7 8. Be2 e5 9. dxe6 fxe6 10. 0-0 Ne7 11. h4 Nc6 12. h5 Bd7 13. Be3 Qe7 14. Qd2 0-0-0 15. b4 gxh5 16. a4 Rhg8 17. f4 Bxc3 18. Qxc3 Qg7 19. Qxg7 Rxg7 20. b5 Na5 21. f5 exf5 22. exf5 Rf7 23. Bd3 Rg8 24. Rae1 Rg4 25. c5 Nb3 26. cxd6 cxd6 27. Bxa7 Rxa4 28. Be3 Rb4 29. Rb1 Bxb5 30. Bxb5 Rxb5 31. f6 Kd7 32. Rf3 Kc6 33. Rd1 Nc5 34. Rf5 b6 35. Bd4 Nb3 36. Rxb5 Kxb5 37. Bc3 Kc5 38. Rb1 Nd4 39. Bxd4+ Kxd4 40. Rxb6 Rxf6 41. Rb7 h6 42. Rb4+ Ke5 43. Rh4 Rf5 44. g4 hxg4 45. Rxh6 d5 46. Rg6 Rf4 47. Rg8 Ke4 48. Kg2 Ke3 49. Re8+ Re4 50. Rd8 d4 51. Kf1 Kd2 52. Kf2 d3 0-1

[Event "Hessenliga 1921"]
[Site "Hessen"]
[Date "2021.09.05"]
[Round "9.5"]
[White "Waffenschmidt, Joachim"]
[Black "Heck, Norbert"]
[Result "1-0"]
[WhiteElo "2029"]
[BlackElo "2230"]
[PlyCount "41"]
[EventDate "2019.09.22"]
[EventType "team-tourn"]
[EventRounds "9"]
[EventCountry "GER"]
[SourceTitle "EXT 2024"]
[Source "ChessBase"]
[SourceDate "2023.10.10"]
[SourceVersion "1"]
[SourceVersionDate "2023.10.10"]
[SourceQuality "1"]
[WhiteTeam "Hofheim II"]
[BlackTeam "Neuberg II"]
[WhiteTeamCountry "GER"]
[BlackTeamCountry "GER"]

1. d4 g6 2. c4 Bg7 3. Nc3 d6 4. e4 e5 5. Be3 Nc6 6. d5 Nce7 7. Nf3 Nf6 8. Be2 0-0 9. Nd2 Nd7 10. b4 f5 11. f3 Nf6 12. c5 fxe4 13. fxe4 a5 14. bxa5 c6 15. cxd6 Qxd6 16. Nc4 Qb4 17. Qd2 Nfxd5 18. exd5 Nxd5 19. Nxd5 Qxd2+ 20. Bxd2 cxd5 21. Nb6 1-0

[Event "Hessenliga 1921"]
[Site "Hessen"]
[Date "2021.09.04"]
[Round "8.5"]
[White "Lenz, Jonas"]
[Black "Waffenschmidt, Joachim"]
[Result "1/2-1/2"]
[WhiteElo "2092"]
[BlackElo "2029"]
[PlyCount "60"]
[EventDate "2019.09.22"]
[EventType "team-tourn"]
[EventRounds "9"]
[EventCountry "GER"]
[SourceTitle "EXT 2024"]
[Source "ChessBase"]
[SourceDate "2023.10.10"]
[SourceVersion "1"]
[SourceVersionDate "2023.10.10"]
[SourceQuality "1"]
[WhiteTeam "Bad Homburg"]
[BlackTeam "Hofheim II"]
[WhiteTeamCountry "GER"]
[BlackTeamCountry "GER"]

1. d4 d5 2. c4 c6 3. Nf3 Nf6 4. Nbd2 Bf5 5. Nh4 Be4 6. Qb3 Qb6 7. f3 Bg6 8. Nxg6 hxg6 9. cxd5 cxd5 10. Qxb6 axb6 11. e3 e6 12. Kf2 Bd6 13. g3 Nc6 14. Nb3 g5 15. e4 dxe4 16. Bxg5 Nh5 17. Be2 exf3 18. Bxf3 Nb4 19. Bxb7 Ra7 20. Be4 f5 21. a3 fxe4 22. axb4 0-0+ 23. Ke2 Raf7 24. Rhf1 Bxb4 25. Rxf7 Rxf7 26. Ra8+ Kh7 27. Rb8 Rf3 28. Be3 Nf6 29. Nd2 Bxd2 30. Bxd2 Rb3 1/2-1/2

[Event "GER-ch Net blitz qual4"]
[Site "Playchess.com INT"]
[Date "2020.03.23"]
[Round "2"]
[White "Sossna, Gerald"]
[Black "Waffenschmidt, Joachim"]
[Result "0-1"]
[WhiteElo "1569"]
[BlackElo "2070"]
[PlyCount "120"]
[EventDate "2020.03.23"]
[EventType "swiss (blitz)"]
[EventRounds "9"]
[EventCountry "GER"]
[SourceTitle "CBM 195 Extra"]
[Source "ChessBase"]
[SourceDate "2020.05.31"]
[SourceVersion "1"]
[SourceVersionDate "2020.05.31"]
[SourceQuality "1"]

1. e4 c5 2. Nf3 d6 3. Bb5+ Nd7 4. d4 cxd4 5. Nxd4 Ngf6 6. Nc3 a6 7. Bd3 e5 8. Nf5 g6 9. Ng3 Bg7 10. 0-0 0-0 11. Bg5 b5 12. a3 Bb7 13. Rc1 h6 14. Be3 Rc8 15. Nce2 Nc5 16. c3 Nxd3 17. Qxd3 d5 18. exd5 Qxd5 19. Qxd5 Nxd5 20. Rfd1 Nxe3 21. fxe3 Rcd8 22. Kf2 h5 23. h3 Bf6 24. Nf1 Kg7 25. Nd2 Rd7 26. Nb3 Rfd8 27. Rxd7 Rxd7 28. Nc5 Rc7 29. Nxb7 Rxb7 30. Rd1 Be7 31. Ng3 f5 32. Nf1 Kf6 33. Kf3 Ke6 34. Ng3 Bg5 35. Ne2 Rd7 36. Rxd7 Kxd7 37. Nc1 Ke6 38. Nd3 Be7 39. Nf2 Kd5 40. e4+ Kc4 41. exf5 gxf5 42. g4 hxg4+ 43. hxg4 fxg4+ 44. Kxg4 Kb3 45. Nd3 e4 46. Nb4 Bxb4 47. axb4 Kxb2 48. Kf4 Kxc3 49. Kxe4 Kxb4 50. Kd3 a5 51. Kc2 a4 52. Kb2 a3+ 53. Ka2 Ka4 54. Ka1 b4 55. Kb1 b3 56. Ka1 b2+ 57. Ka2 Kb4 58. Kb1 Kc3 59. Ka2 Kc2 60. Kxa3 b1Q 0-1

[Event "GER-ch Net blitz qual4"]
[Site "Playchess.com INT"]
[Date "2020.03.23"]
[Round "3"]
[White "Waffenschmidt, Joachim"]
[Black "Schaudienst, Arvid"]
[Result "1-0"]
[WhiteElo "2070"]
[BlackElo "1348"]
[PlyCount "53"]
[EventDate "2020.03.23"]
[EventType "swiss (blitz)"]
[EventRounds "9"]
[EventCountry "GER"]
[SourceTitle "CBM 195 Extra"]
[Source "ChessBase"]
[SourceDate "2020.05.31"]
[SourceVersion "1"]
[SourceVersionDate "2020.05.31"]
[SourceQuality "1"]

1. d4 Nf6 2. c4 g6 3. Nc3 Bg7 4. e4 d6 5. Nf3 0-0 6. Be2 Nbd7 7. 0-0 e5 8. Qc2 Nh5 9. g3 Nb6 10. Be3 f5 11. dxe5 dxe5 12. Rad1 Qe8 13. exf5 gxf5 14. Nh4 f4 15. Bc5 Rf7 16. Bxh5 fxg3 17. Bxf7+ Qxf7 18. fxg3 Qh5 19. Rd8+ Bf8 20. Rdxf8+ Kg7 21. R1f7+ Kh6 22. Qxh7+ Kg5 23. Be3+ Kg4 24. Qe4+ Kh3 25. Qg2+ Kg4 26. Rg8+ Qg5 27. Rxg5# 1-0

[Event "Hessenliga 1921"]
[Site "Hessen"]
[Date "2019.11.10"]
[Round "3.7"]
[White "Waffenschmidt, Joachim"]
[Black "Huss, Rolf"]
[Result "1-0"]
[WhiteElo "2029"]
[BlackElo "2132"]
[PlyCount "61"]
[EventDate "2019.09.22"]
[EventType "team-tourn"]
[EventRounds "9"]
[EventCountry "GER"]
[SourceTitle "EXT 2024"]
[Source "ChessBase"]
[SourceDate "2023.10.10"]
[SourceVersion "1"]
[SourceVersionDate "2023.10.10"]
[SourceQuality "1"]
[WhiteTeam "Hofheim II"]
[BlackTeam "Fulda"]
[WhiteTeamCountry "GER"]
[BlackTeamCountry "GER"]

1. d4 Nf6 2. c4 g6 3. Nc3 d5 4. cxd5 Nxd5 5. Bd2 Bg7 6. e4 Nb6 7. Be3 0-0 8. Nf3 Bg4 9. Be2 Nc6 10. e5 Qd7 11. h3 Bxf3 12. Bxf3 Rad8 13. Ne2 Qe6 14. Qc1 Nb4 15. 0-0 c6 16. Nc3 f5 17. Rd1 f4 18. Bxf4 Nc2 19. Qxc2 Rxf4 20. Ne2 Rxf3 21. gxf3 Qxh3 22. Qe4 Rf8 23. Rd3 Nd5 24. Qg4 Qh6 25. Kg2 Rf4 26. Qe6+ Kh8 27. Rh1 Qg5+ 28. Kf1 Rf5 29. Qc8+ Bf8 30. f4 Nxf4 31. Rg3 1-0

[Event "Hessenliga 1819"]
[Site "Hessen"]
[Date "2019.02.03"]
[Round "5.7"]
[White "Dahlheimer, Bernd"]
[Black "Waffenschmidt, Joachim"]
[Result "0-1"]
[WhiteElo "2224"]
[BlackElo "2007"]
[PlyCount "56"]
[EventDate "2018.09.23"]
[EventType "team-tourn"]
[EventRounds "9"]
[EventCountry "GER"]
[SourceTitle "EXT 2020"]
[Source "ChessBase"]
[SourceDate "2019.10.17"]
[SourceVersion "1"]
[SourceVersionDate "2019.10.17"]
[SourceQuality "1"]
[WhiteTeam "Dettingen"]
[BlackTeam "Frankfurt BvK"]
[WhiteTeamCountry "GER"]
[BlackTeamCountry "GER"]

1. Nf3 d5 2. d4 Nf6 3. c4 c6 4. Qc2 c5 5. cxd5 cxd4 6. Nxd4 Nxd5 7. e4 Nb4 8. Qa4+ N8c6 9. Nxc6 Nxc6 10. Be3 e6 11. Nc3 Be7 12. Be2 0-0 13. 0-0 a6 14. Rfd1 Bd7 15. Rd2 Qc7 16. Qd1 Rfd8 17. Na4 Be8 18. Bb6 Rxd2 19. Bxc7 Rxd1+ 20. Rxd1 Rc8 21. Bd6 Bf6 22. Bc5 Na5 23. Bb6 Bxa4 24. b3 Nxb3 25. axb3 Bxb3 26. Rb1 Bc2 27. Rc1 Bb2 28. Re1 Bxe4 0-1

[Event "Heusenstamm Sparkassen op-A 5th"]
[Site "Heusenstamm"]
[Date "2018.11.23"]
[Round "2"]
[White "Adocchio, Giampiero"]
[Black "Waffenschmidt, Joachim"]
[Result "1/2-1/2"]
[WhiteElo "2171"]
[BlackElo "2007"]
[PlyCount "48"]
[EventDate "2018.11.22"]
[EventType "swiss"]
[EventRounds "7"]
[EventCountry "GER"]
[SourceTitle "CBM 188 Extra"]
[Source "ChessBase"]
[SourceDate "2019.02.28"]
[SourceVersion "1"]
[SourceVersionDate "2019.02.28"]
[SourceQuality "1"]

1. e4 e6 2. d4 d5 3. Nd2 dxe4 4. Nxe4 Nd7 5. Nf3 Ngf6 6. Bg5 c5 7. dxc5 Bxc5 8. Nxc5 Qa5+ 9. c3 Qxc5 10. Bd3 Ne5 11. Nxe5 Qxe5+ 12. Be3 Bd7 13. Qe2 0-0 14. f4 Qa5 15. Bd4 Qh5 16. Qxh5 Nxh5 17. 0-0 Rfd8 18. Rad1 Nf6 19. a3 Ba4 20. Rde1 Nd7 21. Bc4 b5 22. Ba2 Bc2 23. f5 Bxf5 24. h3 Bg6 1/2-1/2

[Event "Heusenstamm Sparkassen op-A 5th"]
[Site "Heusenstamm"]
[Date "2018.11.22"]
[Round "1"]
[White "Waffenschmidt, Joachim"]
[Black "Werner, Rosalie"]
[Result "1-0"]
[WhiteElo "2007"]
[BlackElo "1584"]
[PlyCount "41"]
[EventDate "2018.11.22"]
[EventType "swiss"]
[EventRounds "7"]
[EventCountry "GER"]
[SourceTitle "CBM 188 Extra"]
[Source "ChessBase"]
[SourceDate "2019.02.28"]
[SourceVersion "1"]
[SourceVersionDate "2019.02.28"]
[SourceQuality "1"]

1. d4 d5 2. c4 e6 3. g3 Nf6 4. Nf3 c5 5. cxd5 Nxd5 6. Bg2 Nc6 7. 0-0 Be7 8. Nc3 Nf6 9. dxc5 Qxd1 10. Rxd1 Bxc5 11. Bg5 Bb6 12. Rac1 Ke7 13. Na4 Bc7 14. Nd4 Bd7 15. Nc5 h6 16. Bxf6+ gxf6 17. Nxc6+ Bxc6 18. Bxc6 Bd6 19. Nxb7 Be5 20. Rd7+ Kf8 21. Nd8 1-0

[Event "Hessenliga 1819"]
[Site "Hessen"]
[Date "2018.11.18"]
[Round "3.5"]
[White "Waffenschmidt, Joachim"]
[Black "Knickel, Aaron"]
[Result "1/2-1/2"]
[WhiteElo "2007"]
[BlackElo "2145"]
[PlyCount "29"]
[EventDate "2018.09.23"]
[EventType "team-tourn"]
[EventRounds "9"]
[EventCountry "GER"]
[SourceTitle "EXT 2020"]
[Source "ChessBase"]
[SourceDate "2019.10.17"]
[SourceVersion "1"]
[SourceVersionDate "2019.10.17"]
[SourceQuality "1"]
[WhiteTeam "Frankfurt BvK"]
[BlackTeam "Neuberg II"]
[WhiteTeamCountry "GER"]
[BlackTeamCountry "GER"]

1. d4 d6 2. Nf3 g6 3. c4 Bg7 4. Nc3 Nd7 5. e4 e5 6. Be2 Ngf6 7. 0-0 0-0 8. Be3 h6 9. h3 c6 10. Qd2 Kh7 11. Rad1 Qe7 12. dxe5 dxe5 13. Nh2 Nc5 14. Qc2 Ne6 15. Qc1 1/2-1/2